02127nam a2200313 i 4500999001700000006001900017007001500036008004100051020004300092040002100135041000800156082001900164100002400183240003900207245012300246260004500369300006400414500007300478520093800551650005201489650003701541650002201578651003801600651003901638651004601677776003501723856004201758942001301800 c27165d27165m|||||o||d||||||||cr||||||||||||170706s2019||||enk o ||1 0|eng|d a9781108341219 (ebook)qOnline Resource aUkCbUPbengerda1 aeng00a909/.098242231 aBeaujard, Philippe,10aMondes de l'ocean Indien.lEnglish14aThe worlds of the Indian Ocean :ba global history.nVolume 2,pFrom the seventh century to the fifteenth century CE / aLondonbCambridge University Pressc2019 a1 online resource (xvi, 855 pages) :bdigital, PDF file(s). aTitle from publisher's bibliographic system (viewed on 11 Oct 2019). aEurope's place in history is re-assessed in this first comprehensive history of the ancient world, centering on the Indian Ocean and its role in pre-modern globalization. Philippe Beaujard presents an ambitious and comprehensive global history of the Indian Ocean world, from the earliest state formations to 1500 CE. Supported by a wealth of empirical data, full color maps, plates, and figures, he shows how Asia and Africa dominated the economic and cultural landscape and the flow of ideas in the pre-modern world. This led to a trans-regional division of labor and an Afro-Eurasian world economy. Beaujard questions the origins of capitalism and hints at how this world-system may evolve in the future. The result is a reorienting of world history, taking the Indian Ocean, rather than Europe, as the point of departure. Volume II provides in-depth coverage of the period from the seventh century CE to the fifteenth century CE. 0aExcavations (Archaeology)zIndian Ocean Region. 0aGlobalizationxHistoryyTo 1500. 0aHistory, Ancient. 0aIndian Ocean RegionxAntiquities. 0aIndian Ocean RegionxCivilization. 0aIndian Ocean RegionxEconomic conditions.08iPrint version: z978110842465340uhttps://doi.org/10.1017/9781108341219 2ddccEBK